|
|
|
|
| LEADER |
00000nab a2200000 a 4500 |
| 001 |
vtls000763054 |
| 003 |
SK-MaSNL |
| 005 |
20260304104201.0 |
| 008 |
250429c2001 xo 0 slo |
| 015 |
|
|
|a SNBRB2001/07-21431
|
| 035 |
|
|
|a CLN000114841
|
| 035 |
|
|
|a urn:nbn:sk:snk-abah43
|
| 035 |
|
|
|a (urnnbn)urn:nbn:sk:snk:ar-008p4q
|
| 035 |
|
|
|a (uuid)f25f7642-6d7b-4970-b358-275f45c55d7b
|
| 040 |
|
|
|a SNKBUCL
|b slo
|c SNKBUCL
|e AACR2
|
| 041 |
0 |
|
|a slo
|
| 044 |
|
|
|a xo
|c SK
|
| 080 |
|
|
|a 323.15(437.6=30)
|2 1997
|
| 080 |
|
|
|a 069.6.02(437.6=30):008
|2 1997
|
| 100 |
1 |
|
|a Ivaničková, Margita,
|d 1953-
|4 ain
|9 105315
|
| 245 |
1 |
0 |
|a Naši karpatskí Nemci
|b hovoríme s riaditeľom SNM - Múzea kultúry karpatských Nemcov Ondrejom Pössom
|c [zhovára sa] Margita Ivaničková
|
| 300 |
|
|
|b Fotogr.
|
| 610 |
|
7 |
|a Múzeum kultúry karpatských Nemcov
|2 snkbucl
|9 73981
|
| 650 |
0 |
7 |
|a Nemci
|z Slovensko
|2 snkbucl
|9 314032
|
| 650 |
0 |
7 |
|a Nemci karpatskí
|2 snkbucl
|9 297773
|
| 655 |
|
7 |
|a články z novín a časopisov
|2 snkbucl
|9 267496
|
| 700 |
1 |
|
|a Pöss, Ondrej,
|d 1950-
|4 aut
|9 205620
|
| 773 |
0 |
|
|t Literárny týždenník
|g Roč. 14, č. 16 (2001), s. 9
|x 0862-5999
|
| 850 |
|
|
|a Slovenská národná knižnica
|
| 852 |
|
|
|a Slovenská národná knižnica
|
| 954 |
|
|
|a odborná, vedecká literatúra pôvodná (slovenská)
|2 lita
|
| 958 |
|
|
|a article14
|
| 958 |
|
|
|a DE
|
| 958 |
|
|
|a SK
|
| 958 |
|
|
|a OND
|
| 958 |
|
|
|a EUIPO
|
| 992 |
|
|
|a RBX
|
| 999 |
|
|
|c 2850928
|d 2852858
|